000 00558nam a22001577a 4500
003 OSt
005 20151128112652.0
008 151128b xxu||||| |||| 00| 0 eng d
040 _cRUA
082 _aFIS OU 1996 B164 Or.1
100 _93977
_aOU, SETHY RITH.
245 _aA study of local inundated forestry species in siem reap province, ការសិក្សាពីប្រភេទព្រៃលិចទឹកក្នុងខេត្តសៀមរាប
260 _aPhnom Penh
_bRUA
_c1996
300 _a119p.
_bill.
_c29cm.
942 _2ddc
_cFIS
999 _c3698
_d3698